Địa chất đại cương và địa chất lịch sử : Giáo trình Cao đẳng Sư phạm
Giáo trình "Địa chất đại cương và Địa chất lịch sử" là hai học phần cơ sở giảng dạy cho sinh viên địa lí các trường Cao đẳng Sư phạm. Giáo trình cung cấp những kiến thức cơ bản về cấu tạo Trái đất, khoáng vật và đá, cấu trúc đi...
Guardat en:
| Autor principal: | |
|---|---|
| Format: | Llibre |
| Idioma: | Undetermined |
| Publicat: |
Hà Nội
Đại học Sư phạm Hà Nội
2004
|
| Matèries: | |
| Etiquetes: |
Afegir etiqueta
Sense etiquetes, Sigues el primer a etiquetar aquest registre!
|
| Thư viện lưu trữ: | Trung tâm Học liệu Trường Đại học Cần Thơ |
|---|
| LEADER | 01610nam a2200241Ia 4500 | ||
|---|---|---|---|
| 001 | CTU_120310 | ||
| 008 | 210402s9999 xx 000 0 und d | ||
| 020 | |c 20000 | ||
| 082 | |a 551.8 | ||
| 082 | |b Đ312 | ||
| 100 | |a Phùng, Ngọc Đĩnh | ||
| 245 | 0 | |a Địa chất đại cương và địa chất lịch sử : | |
| 245 | 0 | |b Giáo trình Cao đẳng Sư phạm | |
| 245 | 0 | |c Phùng Ngọc Đĩnh, Lương Hồng Hược | |
| 260 | |a Hà Nội | ||
| 260 | |b Đại học Sư phạm Hà Nội | ||
| 260 | |c 2004 | ||
| 520 | |a Giáo trình "Địa chất đại cương và Địa chất lịch sử" là hai học phần cơ sở giảng dạy cho sinh viên địa lí các trường Cao đẳng Sư phạm. Giáo trình cung cấp những kiến thức cơ bản về cấu tạo Trái đất, khoáng vật và đá, cấu trúc địa chất, thiết địa kiến tạo, cơ sở cổ sinh vật, các mốc chính trong lĩch sử phát triển võ Trái đất nhằm tạo điều kiện thuận lợi cho sinh viên học tiếp các học phần khác của khoa học Địa lý. Cấu trúc giáo trình gồm 2 phần: Phần A: Địa chất đại cương. Phần B: Địa chất lịch sử. | ||
| 526 | |a Địa chất đại cương,Đại cương về trái đất | ||
| 526 | |b SP015,SP075 | ||
| 650 | |a Geology,Historical geology | ||
| 904 | |i Hiếu | ||
| 980 | |a Trung tâm Học liệu Trường Đại học Cần Thơ | ||